000 00617nam a22001577a 4500
999 _c60552
_d60552
005 20230822124545.0
008 230822s1976 pl ||||| |||| 00| 0 pol d
041 _apol
080 _a902 S-99
100 _aSztetyllo, Zofia
_919693
245 _aNea Paphos I :
_bLes Timbres Ceramiques /
_cZofia Sztetyllo; (Centre d Archeologique Mediterraneenne de l Academie Polonaise des Sciences et Centre Polonais d Archeologie Mediterraneenne dans la Republique Arabe d Egypte au Caire).
264 _a Warszawa,
_c1976.
300 _a112 p.:
_bill.;
_c30 cm.
653 _aარქეოლოგია
942 _2udc
_cBK